000 01285cam a22003497a 4500
003 CHAP
005 20220817041751.0
008 971013s1974 r 00010 d
010 _a23823
011 _a24795
035 _a28895
040 _cCHAP
090 _aFolleto 2228
110 _aComisión Nacional de Fruticultura. México
_925772
245 1 3 _aEl comercio de frutas entre México y los Estados Unidos de Norteamérica
260 _aMéxico, D. F. :
_b(s.e.),
_c1974
300 _a31 p.
_b: ilus. ; tabas
490 0 _aComisión Nacional de Fruticultura. México. Serie especial. Folleto
_v; 15
590 _aBATCH-UPD
_b10
_c20130110
_lUCH01
_h0055
590 _aBATCH-UPD
_b10
_c20130110
_lUCH01
_h1255
590 _aBATCH-UPD
_b10
_c20130409
_lUCH01
_h2043
590 _aBATCH-UPD
_b10
_c20130410
_lUCH01
_h0815
590 _aBATCH-UPD
_b10
_c20130914
_lUCH01
_h1017
590 _aCONVERSION
_b10
_c20130109
_lUCH01
_h1314
650 0 4 _aMéxico
_xComercio
_zE.U.A.
650 1 4 _aFruta
_xMercadeo
_xMéxico.
_943639
830 0 _aComisión Nacional de Fruticultura. México. Serie especial. Folleto
_v; 15
_925781
901 _aBK
942 _cFOLL
949 _aFolleto 2228
_bBC
_cFOLL
_d-66809
_eTS1
_i28895
_mD
_si
949 _aFolleto 2228
_bBC
_cFOLL
_d-66811
_eTS2
_fc.2
_i28895
_si
999 _c23823
_d23823